00784nam a2200229 a 4500001001000000003000500010005001700015008004100032010001100073011001100084040000900095100003100104245014000135260003700275300003000312502004500342650001900387650003500406650003100441650004700472650003500519000109891CHAP20220329144108.0140605s2012 mx ad |rm |0|||||spa d a106353 a107325 cCHAP1 aBernardino Díaz, Gabriel10aÍndice de concepción en vacas criollas x suizas comparando dos variantes del protocolo CIDR-Synch /cpor Gabriel Bernardino Díaz. aCocula, Gro. :bEl autor,c2012. av, 56 h. :bil., gráfs. aTesis (Ing. Agr. Zootecnista) -- CSAEGRO14aCiclo estrual.14aGanado vacunoxAlimentación.14aGanado vacunoxFecundidad.14aGanado vacunoxInsemincación artificial.14aGanado vacunoxReproducción.